000 00317nam a2200133 i 4500
001 bg
100 1 _aKAMIŃSKI, Eugeniusz
245 0 _aPodstawy dynamiki maszyn /
_cEugeniusz Kamiński.
260 _aWarszawa,
_c1980.
040 _cBPK
041 _apol
942 _cKS
008 s pl f |000 0 pol
999 _c19826
_d19826
856 _uhttp://koha.tu.koszalin.pl/cgi-bin/koha/opac-detail.pl?biblionumber=19826
_yKatalog online BPK